000 01035cam a2200289 4500
008 090401t1998 xxu||||| |||| 00| 0 eng d
020 _a0854069321
035 _a(Sirsi) u90020
041 _aeng
050 _a711.52
110 _aRoyal Institution of Chartered Surveyors
_94900
245 _aPlanning mixed use development : issues and practice.
260 _aLondon
_bRICS
_c1998
300 _av,74p. ; 30cm.
350 _a9.95
490 _aRICS Research
520 _aPrevious working title was 'The healthy mix' SUPERSEDED: replaced by RICS 1998/87 (reprint with minor amendments). A report on research funded by the Education Trust of the RICS and carried out by the Department of Land Management of the University of Reading.
650 _aMIXED USE
650 _aMIXED-USE DEVELOPMENTS
650 _aPLANNING POLICY
650 _aRICS EDUCATION TRUST
650 _aURBAN DEVELOPMENT
690 _aPLANNING LAW AND PRACTICE
710 _aUniversity of Reading
_93273
942 _n0
948 _c30/11/1998
999 _c97527
_d97527